Normal view
MARC view
- تاليف العيسوي،جمال مصطفى؛م.مشارك محمد محمود محمد موسى؛م.مشارك عبد الغفار محمد الشيزاوي
Entry Personal Name
001 - CONTROL NUMBER
- control field: 23646
003 - CONTROL NUMBER IDENTIFIER
- control field: JO-AjAnu
005 - DATE AND TIME OF LATEST TRANSACTION
- control field: 20230606074049.0
008 - FIXED-LENGTH DATA ELEMENTS
- fixed length control field: 230606|| aca||aabn | a|a d
040 ## - CATALOGING SOURCE
- Original cataloging agency: JO-AjAnu
- Transcribing agency: JO-AjAnu
100 ## - HEADING--PERSONAL NAME
- Personal name: تاليف العيسوي،جمال مصطفى؛م.مشارك محمد محمود محمد موسى؛م.مشارك عبد الغفار محمد الشيزاوي
670 ## - SOURCE DATA FOUND
- Source citation: Work cat.: (JO-AjAnu)12152: تاليف العيسوي،جمال مصطفى؛م.مشارك محمد محمود محمد موسى؛م.مشارك عبد الغفار محمد الشيزاوي, author, طرق تدريس اللغة العربية بمرحلة التعليم الأساسي (بين النظرية والتطبيق)